Doterajšia činnosť a úlohy Ústavu školských informácií pri Ministerstve školstva Slovenskej socialistickej republiky diplomová práca

Bibliographic Details
Main Author: Wolfová, Marianna (Author)
Other Authors: Klaučo, Jaromír (ini), Žatkuliak, Ján G., 1914-1988 (ini)
Format: Book
Language:Slovak
PhysicalDescription:72 s., 7 príl. sch. 30 cm.
Published: V Bratislave Filozofická fakulta Univerzity Komenského 1978
Subjects:

MARC

LEADER 00000nam a2200000 a 4500
001 vtls001302558
003 SK-MaSNL
005 20260301140940.0
008 240313sm y0 xo a r 0 slo
035 |a SNK000254628 
040 |a SNK  |b slo  |c SNK  |e AACR2 
044 |a xo  |c SK 
072 7 |a 371  |x Školstvo (organizácia)  |2 konspekt 
072 7 |a 00  |x Veda. Všeobecnosti. Základy vedy a kultúry. Vedecká práca  |2 konspekt 
080 |a 371  |2 1981 
080 |a 002.6  |2 1981 
080 |a 007+004  |2 1981 
080 |a (043)  |2 1981 
100 1 |a Wolfová, Marianna  |4 aut  |9 494289 
245 1 |a Doterajšia činnosť a úlohy Ústavu školských informácií pri Ministerstve školstva Slovenskej socialistickej republiky  |b diplomová práca  |c diplomantka: Mariana Wolfová ; školiteľ: Jaromír Klaučo ; konzultant: Ján G. Žatkuliak 
260 |a V Bratislave  |b Filozofická fakulta Univerzity Komenského  |c 1978 
300 |a 72 s., 7 príl.  |b sch.  |c 30 cm. 
650 0 7 |a školstvo  |2 SNKPH  |9 19712 
650 0 7 |a informačné strediská  |2 SNKPH  |9 63914 
650 0 7 |a informačné systémy  |2 SNKPH  |9 1128 
655 7 |a diplomové práce  |2 SNKPH  |9 70156 
700 1 |a Klaučo, Jaromír  |4 ini  |9 266097 
700 1 |a Žatkuliak, Ján G.,  |d 1914-1988  |4 ini  |9 110317 
752 |a Slovensko  |d Bratislava 
999 |c 765539  |d 767469 
952 |t P60, <03>, [BOOK], {603}  |a SNK  |b SNK  |y PREZ  |7 0  |p 17A0070682  |o snkDIP 3  |i snkF 235/2002  |0 0  |1 0  |4 0  |d 2002-04-10  |l 0  |r 2005-01-02 00:00:00  |w 2026-02-24